000 00922nam a2200217Ia 4500
999 _c40813
_d40813
001 7453
003 GE_BSU
005 20231214152607.0
008 181216s1975||||ge |||||||||||||| ||geo||
040 _cGE_BSU
041 _ageo
080 _a821.353.1-1დ–45
100 _aდიდიმამიშვილი, ელენე
_920744
245 _aლექსები /
_cელენე დიდიმამიშვილი ; რედ. ირაკლი არაბული ; მხატვ. ტიტე შეყილაძე.
264 _aთბილისი :
_bსაბჭ. საქართველო,
_c1975.
300 _a83 გვ.;
_c16 სმ.
653 _aლექსები
700 _aარაბული, ირაკლი
_eრედაქტორი
_920745
700 _aშეყილაძე, ტიტე
_eმხატვარი
_920746
942 _cBK
_2udc